00243 a2200109 4500001000700000020000600007040001100013100002700024240003900051245003400090362000900124167218 a  cMagnum aFeitosa, Vera Cristina10aRedacao de textos cientificoslpor10aRedacao de textos cientificos0 a1899